000 01200nam a22003375i 4500
003 EG-ScBUE
005 20250427115624.0
008 150818r20031958ii a f 001 0 eng d
020 _a9780070445702
020 _a007044580X
040 _aEG-ScBUE
_beng
_erda
_cEG-ScBUE
_dEG-ScBUE
082 0 4 _a530.141
_bHAY
_222
100 1 _aHayt, William Hart,
_eauthor.
245 1 0 _aEngineering electromagnetics /
_cWilliam H. Hayt, Jr., late emeritus professor, Purdue University, John A. Buck, Georgia Institute of Technology.
250 _aSixth edition.
250 _aTata McGraw-Hill edition.
250 _aSeventh reprint edition.
264 1 _aNew Delhi :
_bTata McGraw-Hill Publishing Company Limited,
_c2003.
300 _axiii, 561 pages :
_billustrations ;
_c24 cm.
336 _2rdacontent
_atext
_btxt
337 _aunmediated
_2rdamedia
_bn
338 _avolume
_bnc
_2rdacarrier
490 0 _aMcGraw-Hill series in electrical engineering
500 _aIncludes index.
500 _aIncludes Appendices.
500 _aReprint of the 2003 edition.
650 7 _aElectromagnetic theory.
_2BUEsh
655 _vReading book
700 1 _aBuck, John A.,
_99164
_eauthor.
942 _cBB
_2ddc
999 _c68
_d68